000 00794nam a2200241Ia 4500
005 20251020182444.0
008 200515s9999 xx 000 0 und d
082 _a532/R96
100 _aRussellL, George E.
245 0 _aHidráulica
250 _a1a ed.
260 _aMéxico, D.F.
260 _bC. E. C. S. A.
260 _c1976
300 _a554 p.
300 _bil., tbl., graf., fot.
500 _a1 ejemplar
520 _aDedicado principalmente a la hidráulica, se analiza brevemente el escurrimiento de otros líquidos y de los fluidos comprensibles, con objeto de que el estudiante pueda familiarizarse con esos problemas y puedan comprender la identidad de los principios bá
650 _aHIDRAULICA
650 _aTURBINAS HIDRAULICAS
942 _cLIB
999 _c628
_d628